Σχεδίαση κελύφους προσωρινών κατοικιών για άστεγους μετά από σεισμό στην ευρύτερη περιοχή της βορειοανατολικής Μεσογείου : διπλωματική εργασία
Σκοπός της εργασίας είναι η μελέτη των πιθανών τρόπων επίλυσης του έκτακτου στεγαστικού προβλήματος που δημιουργείται σε μια περιοχή από την επίδραση ενός σεισμού. Ως αντικείμενο μελέτης της διπλωματικής εργασίας ορίζονται οι φυσικές καταστροφές ως γεγονότα που μεταβάλλουν τις συνθήκες που επικρατού...
Αποθηκεύτηκε σε:
| Κύριος συγγραφέας: | |
|---|---|
| Συγγραφή απο Οργανισμό/Αρχή: | |
| Άλλοι συγγραφείς: | |
| Μορφή: | Thesis Βιβλίο |
| Γλώσσα: | Greek |
| Δημοσίευση: |
2017.
|
| Θέματα: | |
| Διαθέσιμο Online: | http://hdl.handle.net/11610/17622 |
| Ετικέτες: |
Προσθήκη ετικέτας
Δεν υπάρχουν, Καταχωρήστε ετικέτα πρώτοι!
|
MARC
| LEADER | 00000cam a2200000 a 4500 | ||
|---|---|---|---|
| 001 | 1/113855 | ||
| 008 | 170510s2017####gr | ||| |||| ||gre|| | ||
| 040 | |a GR-MyUa |b gre |c GR-MyUa |e AACR2 | ||
| 041 | 0 | |a gre | |
| 082 | 7 | |a 363.349583 |2 (23) | |
| 100 | 1 | |a Λαυτσής-Σκρέτας, Γεώργιος. | |
| 245 | 1 | 0 | |a Σχεδίαση κελύφους προσωρινών κατοικιών για άστεγους μετά από σεισμό στην ευρύτερη περιοχή της βορειοανατολικής Μεσογείου : |b διπλωματική εργασία / |c Λαυτσής-Σκρέτας Γεώργιος ; επιβλέπων καθηγητής Ζαχαρόπουλος Νικόλαος. |
| 260 | |c 2017. | ||
| 300 | |a 109 σ. ; |b εικ. ; |c 30 εκ. | ||
| 502 | |a Πτυχιακή εργασία - Πανεπιστήμιο Αιγαίου, Σύρος, 2017. | ||
| 504 | |a Βιβλιογραφία: σ. 108-109. | ||
| 520 | 8 | |a Σκοπός της εργασίας είναι η μελέτη των πιθανών τρόπων επίλυσης του έκτακτου στεγαστικού προβλήματος που δημιουργείται σε μια περιοχή από την επίδραση ενός σεισμού. Ως αντικείμενο μελέτης της διπλωματικής εργασίας ορίζονται οι φυσικές καταστροφές ως γεγονότα που μεταβάλλουν τις συνθήκες που επικρατούν σε μια περιοχή, καθώς και τα προσωρινά καταλύματα ως συστήματα στέγασης του πληγέντος πληθυσμού. Το προς σχεδίαση σύστημα προορίζεται για χρήση στην ευρύτερη περιοχή της βορειοανατολικής Μεσογείου, και ως τέτοιο πρέπει να προσαρμόζεται στις ιδιαίτερες συνθήκες του κλίματος αυτού. Δεδομένων και των έκτακτων συνθηκών που δημιουργούνται από την φυσική καταστροφή, το σύστημα θα πρέπει να μπορεί να στεγάσει άμεσα τον πληγέντα πληθυσμό έως ότου καταστεί δυνατή η επιστροφή του σε μόνιμες κατοικίες. Παράλληλα έχει σκοπό την μείωση των αρνητικών συνεπειών που προκαλούνται κατά τη διάρκεια του κύκλου ζωής του συστήματος. | |
| 650 | 0 | |a Dissertations, Academic |z Greece. | |
| 650 | 0 | |a Emergency housing |x Design and construction. | |
| 650 | 0 | |a Earthquake relief. | |
| 700 | 1 | |a Ζαχαρόπουλος, Νικόλαος, |e dgs [Επιβλέπων καθηγητής] | |
| 710 | 2 | |a Πανεπιστήμιο Αιγαίου. |b Σχολή Θετικών Επιστημών. |b Τμήμα Μηχανικών Σχεδίασης Προϊόντων και Συστημάτων. | |
| 852 | |a INST |b SYROS |c DIATR |e 20170510 |h 363.349583 ΛΑΥ |p 005500013021 |q 005500013021 |t DIE |y 23 | ||
| 856 | |u http://hdl.handle.net/11610/17622 | ||
| 924 | |a Λαυτσής-Σκρέτας |b Γεώργιος |y Σύρος |z 2017-03 | ||
| 970 | |a Κοντού |b Παρασκευή |z 10/05/2017 | ||